[Event "TOP 16"]
[Site "Guingamp FRA"]
[Date "2010.06.04"]
[Round "9"]
[White "Canonne, Antoine"]
[Black "Nicoara, Malina"]
[Result "1-0"]
[WhiteElo "2025"]
[BlackElo "2151"]
[PlyCount "81"]
[EventDate "2010.03.26"]
[EventType "team"]
[EventRounds "11"]
[EventCountry "FRA"]
[Source "Mark Crowther"]
[SourceDate "2010.06.07"]

1. e4 c5 2. Nc3 Nc6 3. f4 g6 4. Nf3 Bg7 5. Bb5 d6 6. O-O Bd7 7. d3 a6 8. Bxc6
Bxc6 9. Qe1 Qd7 10. Bd2 b5 11. Rb1 Nh6 12. Nd1 O-O 13. Nf2 f6 14. Nh4 e6 15. h3
Rae8 16. g4 f5 17. Bc3 e5 18. fxe5 dxe5 19. gxf5 gxf5 20. Kh2 f4 21. Nf3 Kh8
22. Rg1 b4 23. Bd2 Bf6 24. a3 a5 25. axb4 axb4 26. c3 bxc3 27. Bxc3 Qe6 28. Qe2
Rg8 29. Rxg8+ Rxg8 30. Rg1 Rxg1 31. Nxg1 Bh4 32. Ng4 Bg3+ 33. Kg2 Nf5 34. Bxe5+
Kg8 35. Nf3 Ne7 36. Nf6+ Kf8 37. Nxh7+ Ke8 38. Nf6+ Kd8 39. Qd2 Ng6 40. Qa5+
Ke7 41. Qxc5+ 1-0

[Event "TOP 16"]
[Site "Guingamp FRA"]
[Date "2010.06.05"]
[Round "10"]
[White "Vachier Lagrave, Maxime"]
[Black "Postny, Evgeny"]
[Result "1-0"]
[WhiteElo "2727"]
[BlackElo "2641"]
[PlyCount "79"]
[EventDate "2010.03.26"]
[EventType "team"]
[EventRounds "11"]
[EventCountry "FRA"]
[Source "Mark Crowther"]
[SourceDate "2010.06.07"]

1. d4 d5 2. c4 c6 3. Nf3 Nf6 4. Nc3 a6 5. c5 g6 6. Bf4 Bg7 7. e3 Nh5 8. Be5 f6
9. Bxb8 Rxb8 10. Be2 f5 11. O-O O-O 12. b4 Nf6 13. Qc2 Ne4 14. a4 Qc7 15. b5
axb5 16. axb5 e5 17. Ra7 Nxc3 18. Qxc3 e4 19. Ne5 Bxe5 20. dxe5 Bd7 21. Rb1
Rfe8 22. bxc6 Bxc6 23. Bb5 Bxb5 24. Rxb5 Qxe5 25. Qxe5 Rxe5 26. c6 Re7 27. h4
Kf8 28. cxb7 Kg7 29. Kh2 Kf6 30. Ra6+ Ke5 31. Rab6 Rg7 32. f3 exf3 33. gxf3 Rd7
34. Rb4 f4 35. exf4+ Kf5 36. Kg3 Re7 37. R4b5 Rd7 38. Rb1 Re7 39. Rd1 Rd7 40.
Re1 1-0

[Event "TOP 16"]
[Site "Guingamp FRA"]
[Date "2010.06.05"]
[Round "10"]
[White "Iordachescu, Viorel"]
[Black "Svidler, Peter"]
[Result "1/2-1/2"]
[WhiteElo "2608"]
[BlackElo "2750"]
[PlyCount "43"]
[EventDate "2010.03.26"]
[EventType "team"]
[EventRounds "11"]
[EventCountry "FRA"]
[Source "Mark Crowther"]
[SourceDate "2010.06.07"]

1. e4 c5 2. Nf3 e6 3. Nc3 Nc6 4. d4 cxd4 5. Nxd4 a6 6. Be2 d6 7. Be3 Nf6 8. f4
Bd7 9. Nb3 b5 10. Bf3 Rc8 11. Qe2 Na5 12. a4 Nc4 13. axb5 axb5 14. Bf2 b4 15.
Na4 Qc7 16. O-O Be7 17. Nac5 dxc5 18. Qxc4 Qxf4 19. Bg3 Qe3+ 20. Bf2 Qf4 21.
Bg3 Qe3+ 22. Bf2 1/2-1/2

[Event "TOP 16"]
[Site "Guingamp FRA"]
[Date "2010.06.05"]
[Round "10"]
[White "Kogan, Artur"]
[Black "Svetushkin, Dmitry"]
[Result "0-1"]
[WhiteElo "2524"]
[BlackElo "2554"]
[PlyCount "62"]
[EventDate "2010.03.26"]
[EventType "team"]
[EventRounds "11"]
[EventCountry "FRA"]
[Source "Mark Crowther"]
[SourceDate "2010.06.07"]

1. d4 d5 2. c4 c6 3. Nf3 Nf6 4. Qc2 dxc4 5. Qxc4 Bg4 6. Nc3 Nbd7 7. e4 e6 8.
Be2 Be7 9. O-O O-O 10. Rd1 Rc8 11. Qb3 Qc7 12. Bg5 h6 13. Bh4 Rfe8 14. Rac1
Nxe4 15. Nb5 Qb6 16. Bxe7 Rxe7 17. Qe3 Ndf6 18. Nc3 Nxc3 19. bxc3 Bxf3 20. Bxf3
Rd7 21. Qe5 Qc7 22. Rb1 b6 23. a4 Nd5 24. Rb3 c5 25. a5 c4 26. Qxc7 Rdxc7 27.
Ra3 b5 28. Rb1 a6 29. g3 g5 30. Kf1 Kg7 31. Ke2 Rd7 0-1

[Event "TOP 16"]
[Site "Guingamp FRA"]
[Date "2010.06.05"]
[Round "10"]
[White "Koch, Jean Rene"]
[Black "Feller, Sebastien"]
[Result "1/2-1/2"]
[WhiteElo "2470"]
[BlackElo "2576"]
[PlyCount "101"]
[EventDate "2010.03.26"]
[EventType "team"]
[EventRounds "11"]
[EventCountry "FRA"]
[Source "Mark Crowther"]
[SourceDate "2010.06.07"]

1. e4 c5 2. Nf3 e6 3. d3 Nc6 4. g3 g6 5. Bg2 Bg7 6. O-O Nge7 7. c3 e5 8. a3 O-O
9. b4 d6 10. Nbd2 h6 11. Rb1 Be6 12. Qe2 Qd7 13. Rd1 b6 14. Nc4 Rac8 15. Bb2 b5
16. Ne3 Ba2 17. Ra1 Bb3 18. Rdc1 Be6 19. Nd2 f5 20. Nd5 Bf7 21. Nb3 c4 22. dxc4
bxc4 23. Nd2 Nxd5 24. exd5 Ne7 25. Nxc4 Nxd5 26. Na5 Nb6 27. c4 Na4 28. Rab1
Nxb2 29. Qxb2 e4 30. Qd2 Kh7 31. Bf1 Qe6 32. Rd1 Be5 33. Nb7 f4 34. Nxd6 e3 35.
fxe3 Rcd8 36. c5 fxg3 37. hxg3 Bxg3 38. Bg2 Bg8 39. Rf1 Bxd6 40. cxd6 Rxd6 41.
Qe2 Re8 42. Rbd1 Rxd1 43. Rxd1 h5 44. Qf3 Qxe3+ 45. Qxe3 Rxe3 46. Rd7+ Kh6 47.
Rxa7 Rb3 48. Bc6 Bc4 49. a4 Rxb4 50. Rb7 Rxb7 51. Bxb7 1/2-1/2

[Event "TOP 16"]
[Site "Guingamp FRA"]
[Date "2010.06.05"]
[Round "10"]
[White "Dorfman, Josif D"]
[Black "Taddei, Benoit"]
[Result "1-0"]
[WhiteElo "2587"]
[BlackElo "2301"]
[PlyCount "55"]
[EventDate "2010.03.26"]
[EventType "team"]
[EventRounds "11"]
[EventCountry "FRA"]
[Source "Mark Crowther"]
[SourceDate "2010.06.07"]

1. c4 e5 2. g3 Nf6 3. Bg2 Nc6 4. Nc3 Bc5 5. e3 d5 6. cxd5 Nb4 7. d4 exd4 8.
exd4 Be7 9. Nf3 O-O 10. O-O Nbxd5 11. Re1 c6 12. Ne5 Be6 13. Na4 Qc8 14. Nc5
Bf5 15. Bg5 Bd6 16. Rc1 h6 17. Bxf6 Nxf6 18. b4 Rd8 19. b5 Bxc5 20. Rxc5 Nd7
21. Nxc6 Nxc5 22. Ne7+ Kh7 23. Nxc8 Bxc8 24. dxc5 Rxd1 25. Rxd1 Bg4 26. Rd4 Be2
27. Bxb7 Re8 28. a4 1-0

[Event "TOP 16"]
[Site "Guingamp FRA"]
[Date "2010.06.05"]
[Round "10"]
[White "Collas, Silvia"]
[Black "Relange, Eloi"]
[Result "1/2-1/2"]
[WhiteElo "2313"]
[BlackElo "2455"]
[PlyCount "36"]
[EventDate "2010.03.26"]
[EventType "team"]
[EventRounds "11"]
[EventCountry "FRA"]
[Source "Mark Crowther"]
[SourceDate "2010.06.07"]

1. d4 Nf6 2. c4 g6 3. Nc3 Bg7 4. Nf3 O-O 5. Bg5 d6 6. e3 Nbd7 7. Be2 h6 8. Bh4
e5 9. Qc2 c6 10. Rd1 Qe7 11. b4 Re8 12. O-O g5 13. Bg3 Nh5 14. dxe5 Nxg3 15.
hxg3 Nxe5 16. Nd4 Qf6 17. Ne4 Qg6 18. c5 dxc5 1/2-1/2

[Event "TOP 16"]
[Site "Guingamp FRA"]
[Date "2010.06.05"]
[Round "10"]
[White "Pucher, Olivier"]
[Black "Milliet, Sophie"]
[Result "1/2-1/2"]
[WhiteElo "2342"]
[BlackElo "2391"]
[PlyCount "60"]
[EventDate "2010.03.26"]
[EventType "team"]
[EventRounds "11"]
[EventCountry "FRA"]
[Source "Mark Crowther"]
[SourceDate "2010.06.07"]

1. d4 d5 2. c4 Nc6 3. Nf3 Bg4 4. Nc3 e6 5. Bg5 Be7 6. cxd5 exd5 7. Bxe7 Ngxe7
8. e3 O-O 9. Bd3 Qd7 10. a3 Kh8 11. h3 Bh5 12. g4 Bg6 13. Ne2 Be4 14. Bxe4 dxe4
15. Nd2 f5 16. Qc2 Rae8 17. O-O-O Nd5 18. gxf5 Qxf5 19. Rh2 Nf6 20. Kb1 Re7 21.
Rc1 Rfe8 22. Qb3 Nd8 23. Rc5 Qg6 24. Ka2 b6 25. Rc1 Nf7 26. Rg1 Qf5 27. Rhg2
Nd6 28. Nf4 a5 29. Rg5 Qd7 30. h4 b5 1/2-1/2

[Event "TOP 16"]
[Site "Guingamp FRA"]
[Date "2010.06.05"]
[Round "10"]
[White "Miton, Kamil"]
[Black "Edouard, Romain"]
[Result "0-1"]
[WhiteElo "2581"]
[BlackElo "2617"]
[PlyCount "51"]
[EventDate "2010.03.26"]
[EventType "team"]
[EventRounds "11"]
[EventCountry "FRA"]
[Source "Mark Crowther"]
[SourceDate "2010.06.07"]

1. e4 c5 2. Nf3 d6 3. d4 cxd4 4. Nxd4 Nf6 5. Nc3 a6 6. Bc4 e6 7. Bb3 Nbd7 8.
O-O Nc5 9. f4 Be7 10. e5 dxe5 11. fxe5 Nfd7 12. Bf4 Nf8 13. Nce2 Ng6 14. c3
Nxb3 15. axb3 O-O 16. Qe1 Qd5 17. Rd1 b5 18. b4 Bb7 19. Qg3 Rad8 20. Qf3 Qd7
21. Qh5 f6 22. exf6 Bxf6 23. Bd2 e5 24. Nf5 Be4 25. Ne3 Qa7 26. Ra1 0-1

[Event "TOP 16"]
[Site "Guingamp FRA"]
[Date "2010.06.05"]
[Round "10"]
[White "Giri, Anish"]
[Black "Bacrot, Etienne"]
[Result "1/2-1/2"]
[WhiteElo "2624"]
[BlackElo "2714"]
[PlyCount "71"]
[EventDate "2010.03.26"]
[EventType "team"]
[EventRounds "11"]
[EventCountry "FRA"]
[Source "Mark Crowther"]
[SourceDate "2010.06.07"]

1. e4 e5 2. Nf3 Nc6 3. Bc4 Bc5 4. c3 Nf6 5. d3 O-O 6. Bb3 d5 7. Qe2 h6 8. Nbd2
dxe4 9. dxe4 Nh5 10. g3 Bh3 11. Nh4 Nf6 12. f3 Na5 13. Bc2 Nc6 14. Nf5 a6 15.
Nc4 Bxf5 16. exf5 Qd7 17. Nd2 Ba7 18. Qd3 Nd5 19. Ne4 Rfd8 20. Bb3 Nce7 21. g4
Nf4 22. Qxd7 Rxd7 23. Bxf4 exf4 24. Rd1 Rad8 25. Ke2 Rxd1 26. Rxd1 Rxd1 27.
Kxd1 Kf8 28. f6 Ng6 29. Ke2 Be3 30. Bd5 b6 31. g5 hxg5 32. fxg7+ Kxg7 33. Nxg5
Ne5 34. b4 Kg6 35. h4 a5 36. Bb3 1/2-1/2

[Event "TOP 16"]
[Site "Guingamp FRA"]
[Date "2010.06.05"]
[Round "10"]
[White "Smirin, Ilia"]
[Black "Delchev, Aleksander"]
[Result "1/2-1/2"]
[WhiteElo "2647"]
[BlackElo "2625"]
[PlyCount "123"]
[EventDate "2010.03.26"]
[EventType "team"]
[EventRounds "11"]
[EventCountry "FRA"]
[Source "Mark Crowther"]
[SourceDate "2010.06.07"]

1. e4 c6 2. Nc3 d5 3. Nf3 Bg4 4. h3 Bxf3 5. Qxf3 Nf6 6. d3 e6 7. a3 Nbd7 8. g4
Bd6 9. g5 Ng8 10. h4 Ne7 11. h5 Qb6 12. Bh3 Rf8 13. Qe2 g6 14. f4 O-O-O 15. h6
Kb8 16. Rf1 Bc7 17. a4 a5 18. e5 Nf5 19. Bxf5 exf5 20. Kd1 Nc5 21. Nb1 Ne6 22.
Nd2 c5 23. c3 Rd7 24. Nf3 Rc8 25. Kc2 Bd8 26. Rd1 Qc6 27. Kb1 b6 28. Bd2 Rb7
29. Rc1 Rcc7 30. Rc2 Kc8 31. Kc1 Kd7 32. Kd1 Ke8 33. Ke1 Rc8 34. Kf1 Rcb8 35.
Kf2 b5 36. axb5 Rxb5 37. Bc1 R5b7 38. Kg3 a4 39. Qd1 Ra8 40. Re2 Be7 41. Rc2
Raa7 42. Re2 Qa6 43. Rc2 Rb8 44. Re2 Raa8 45. Rc2 c4 46. d4 Rb3 47. Kf2 Qc6 48.
Be3 Qb7 49. Nd2 Rb6 50. Qf3 Nc7 51. Ra2 Nb5 52. Qd1 Rba6 53. Nf3 Nc7 54. Nd2
Qc6 55. Rc1 Ne6 56. Nf3 Qb5 57. Rca1 Qb3 58. Qb1 Qb5 59. Qc2 Nc7 60. Nd2 Qc6
61. Kg3 Ne6 62. Nf3 1/2-1/2

[Event "TOP 16"]
[Site "Guingamp FRA"]
[Date "2010.06.05"]
[Round "10"]
[White "Gozzoli, Yannick"]
[Black "Sebag, Marie"]
[Result "1/2-1/2"]
[WhiteElo "2515"]
[BlackElo "2506"]
[PlyCount "82"]
[EventDate "2010.03.26"]
[EventType "team"]
[EventRounds "11"]
[EventCountry "FRA"]
[Source "Mark Crowther"]
[SourceDate "2010.06.07"]

1. d4 d5 2. c4 c6 3. Nf3 Nf6 4. Nc3 dxc4 5. a4 Bf5 6. Ne5 Nbd7 7. Nxc4 Qc7 8.
Qd2 Be6 9. e4 Bxc4 10. Bxc4 e5 11. dxe5 Nxe5 12. Be2 Bc5 13. f4 Rd8 14. Qc2 Ng6
15. g3 O-O 16. Kf1 Rfe8 17. Kg2 Nf8 18. Bf3 Ne6 19. Ne2 Qa5 20. f5 Nd4 21. Nxd4
Bxd4 22. Bf4 Be5 23. Rad1 h6 24. b3 Bxf4 25. gxf4 Qb4 26. e5 Nd5 27. Bxd5 cxd5
28. Rhf1 Rc8 29. Qd3 Rc5 30. Rf3 Rec8 31. Qd4 Rc2+ 32. Kh3 Qxd4 33. Rxd4 Re2
34. Rxd5 Rcc2 35. Rfd3 Rxh2+ 36. Kg3 Rcf2 37. Rd8+ Kh7 38. Rf8 Rhg2+ 39. Kh3
Rh2+ 40. Kg3 Rhg2+ 41. Kh3 Rh2+ 1/2-1/2

[Event "TOP 16"]
[Site "Guingamp FRA"]
[Date "2010.06.05"]
[Round "10"]
[White "Cossin, Sebastien"]
[Black "Degraeve, Jean Marc"]
[Result "1/2-1/2"]
[WhiteElo "2497"]
[BlackElo "2563"]
[PlyCount "33"]
[EventDate "2010.03.26"]
[EventType "team"]
[EventRounds "11"]
[EventCountry "FRA"]
[Source "Mark Crowther"]
[SourceDate "2010.06.07"]

1. d4 d5 2. c4 c5 3. cxd5 Qxd5 4. Nf3 cxd4 5. Nc3 Qa5 6. Nxd4 Nf6 7. g3 e5 8.
Nb3 Qc7 9. Bg2 Bb4 10. Bd2 O-O 11. O-O Rd8 12. Rc1 Nc6 13. Qc2 Be6 14. Bg5 Be7
15. Bxf6 Bxf6 16. Nc5 Nd4 17. Nd5 1/2-1/2

[Event "TOP 16"]
[Site "Guingamp FRA"]
[Date "2010.06.05"]
[Round "10"]
[White "Marzolo, Cyril"]
[Black "Apicella, Manuel"]
[Result "1/2-1/2"]
[WhiteElo "2470"]
[BlackElo "2523"]
[PlyCount "80"]
[EventDate "2010.03.26"]
[EventType "team"]
[EventRounds "11"]
[EventCountry "FRA"]
[Source "Mark Crowther"]
[SourceDate "2010.06.07"]

1. d4 e6 2. e4 d5 3. exd5 exd5 4. Bf4 Bd6 5. Bxd6 Qxd6 6. c3 Ne7 7. Bd3 Bf5 8.
Ne2 Nd7 9. O-O O-O 10. Bxf5 Nxf5 11. Qd3 g6 12. Nd2 Rae8 13. Rae1 Re6 14. Nc1
Rfe8 15. Rxe6 Rxe6 16. Nf3 c6 17. Re1 f6 18. Kf1 Kf7 19. Rxe6 Qxe6 20. Qe2 Nd6
21. Qxe6+ Kxe6 22. Ke2 g5 23. h3 Nb6 24. Nd3 Na4 25. Kd2 Ne4+ 26. Kc2 Nb6 27.
Nd2 Nd7 28. Kd1 h5 29. Ke2 h4 30. Nf1 b6 31. f3 Nd6 32. f4 c5 33. fxg5 fxg5 34.
Ne3 a5 35. Nf2 c4 36. a4 Nf6 37. Kf3 Nf5 38. Nxf5 Kxf5 39. Ng4 Nxg4 40. hxg4+
Ke6 1/2-1/2

[Event "TOP 16"]
[Site "Guingamp FRA"]
[Date "2010.06.05"]
[Round "10"]
[White "Guilleux, Fabien"]
[Black "Delorme, Laurie"]
[Result "1-0"]
[WhiteElo "2358"]
[BlackElo "2226"]
[PlyCount "79"]
[EventDate "2010.03.26"]
[EventType "team"]
[EventRounds "11"]
[EventCountry "FRA"]
[Source "Mark Crowther"]
[SourceDate "2010.06.07"]

1. d4 d5 2. c4 c6 3. Nf3 Nf6 4. Nc3 e6 5. Bg5 dxc4 6. a4 Bb4 7. Qc2 Nbd7 8. e4
Qa5 9. Bd2 e5 10. dxe5 Nxe5 11. Nxe5 Qxe5 12. Bxc4 Bxc3 13. Bxc3 Qxe4+ 14.
Qxe4+ Nxe4 15. Bxg7 Rg8 16. Be5 Rxg2 17. Bg3 Bh3 18. Bf1 O-O-O 19. Bxg2 Bxg2
20. Rg1 Bf3 21. Bf4 Nc5 22. Rg3 Bh5 23. Kf1 Nd3 24. Bg5 Rd5 25. b3 f5 26. Rh3
Bg6 27. Be3 b6 28. Rh4 c5 29. Rd1 f4 30. Bc1 Rd4 31. Rh6 a6 32. Ba3 Rd7 33. h4
Kc7 34. f3 Ne5 35. Rxd7+ Kxd7 36. h5 Bd3+ 37. Kg2 Kc7 38. a5 bxa5 39. Bxc5 Bc2
40. Bd6+ 1-0

[Event "TOP 16"]
[Site "Guingamp FRA"]
[Date "2010.06.05"]
[Round "10"]
[White "Adla, Diego Gustavo"]
[Black "Fressinet, Laurent"]
[Result "1/2-1/2"]
[WhiteElo "2505"]
[BlackElo "2670"]
[PlyCount "108"]
[EventDate "2010.03.26"]
[EventType "team"]
[EventRounds "11"]
[EventCountry "FRA"]
[Source "Mark Crowther"]
[SourceDate "2010.06.07"]

1. d4 Nf6 2. c4 e6 3. Nc3 Bb4 4. Qc2 d5 5. cxd5 exd5 6. Bg5 h6 7. Bh4 c5 8.
dxc5 g5 9. Bg3 Ne4 10. e3 Qf6 11. Rc1 Bf5 12. Bd3 Bxc3+ 13. bxc3 Nd7 14. f3
Nxg3 15. hxg3 Bxd3 16. Qxd3 Nxc5 17. Qb5+ Qc6 18. Qxc6+ bxc6 19. Kd2 Rb8 20.
Ne2 Kd7 21. Rc2 Na4 22. c4 dxc4 23. Rxc4 Rb2+ 24. Rc2 Rhb8 25. Rhc1 h5 26. Nc3
Rxc2+ 27. Rxc2 Nxc3 28. Kxc3 Rb1 29. f4 f6 30. fxg5 fxg5 31. Kd4 Kd6 32. Ke4
Rb5 33. Rf2 Ke6 34. Rf8 Rb4+ 35. Kd3 Rg4 36. Rh8 Rxg3 37. Rxh5 Rxg2 38. a4 Kd5
39. Rh7 a6 40. Ra7 g4 41. Rxa6 g3 42. Ra8 Ra2 43. Rg8 g2 44. Rg5+ Ke6 45. a5
Kf6 46. Rg3 Kf5 47. a6 Ra3+ 48. Kd4 Ra4+ 49. Kc5 Rg4 50. Rxg2 Rxg2 51. Kxc6 Ra2
52. Kb7 Ke4 53. a7 Rxa7+ 54. Kxa7 Kxe3 1/2-1/2

[Event "TOP 16"]
[Site "Guingamp FRA"]
[Date "2010.06.05"]
[Round "10"]
[White "Hamdouchi, Hichem"]
[Black "Housieaux, David"]
[Result "1/2-1/2"]
[WhiteElo "2606"]
[BlackElo "2431"]
[PlyCount "155"]
[EventDate "2010.03.26"]
[EventType "team"]
[EventRounds "11"]
[EventCountry "FRA"]
[Source "Mark Crowther"]
[SourceDate "2010.06.07"]

1. e4 e6 2. d4 d5 3. Nc3 Bb4 4. e5 c5 5. a3 Bxc3+ 6. bxc3 Qa5 7. Bd2 Qa4 8. Qb1
c4 9. h4 Nc6 10. h5 h6 11. Rh4 Nge7 12. Rg4 Rg8 13. Rf4 Bd7 14. Nf3 Rf8 15. g3
O-O-O 16. Bh3 Kb8 17. Kf1 Bc8 18. Kg2 Ka8 19. Qd1 Rde8 20. Nh4 Nd8 21. Rf3 Rh8
22. Qc1 Ref8 23. Rb1 Qe8 24. Kg1 Rfg8 25. Kh2 Rh7 26. Ng2 g6 27. Rf6 Rgh8 28.
Nf4 g5 29. Ng2 Ng8 30. Ne3 Nxf6 31. exf6 Nc6 32. Qb2 Qd8 33. Ng4 Rg8 34. f4
gxf4 35. Bxf4 Rxg4 36. Bxg4 Qxf6 37. Qb5 a6 38. Qc5 Qd8 39. Rb6 Rh8 40. Bf3 Qd7
41. Kg2 f6 42. Qd6 Qxd6 43. Bxd6 e5 44. Bxd5 Rd8 45. Rxc6 bxc6 46. Bxc6+ Bb7
47. Bxb7+ Kxb7 48. Be7 Rg8 49. Bxf6 e4 50. Be5 Rg5 51. Bf4 Rxh5 52. g4 Rh4 53.
Kg3 Rh1 54. Kg2 Rh4 55. Kg3 Rh1 56. Kg2 Rd1 57. Bxh6 Kc6 58. g5 Rd2+ 59. Kg3
Rxc2 60. g6 Rxc3+ 61. Kf4 Rf3+ 62. Kxe4 Rg3 63. d5+ Kd7 64. Kf5 c3 65. Kf6 c2
66. g7 Rg1 67. Bf4 Rg4 68. Bh6 Kd6 69. Kf7 Kxd5 70. g8=Q Rxg8 71. Kxg8 Kc4 72.
Kf7 Kb3 73. Bc1 Ka2 74. Ke6 Kb1 75. Bd2 Kb2 76. a4 a5 77. Kd5 Kb3 78. Kd4
1/2-1/2

[Event "TOP 16"]
[Site "Guingamp FRA"]
[Date "2010.06.05"]
[Round "10"]
[White "Nguyen Chi Minh"]
[Black "Pelletier, Yannick"]
[Result "1-0"]
[WhiteElo "2439"]
[BlackElo "2611"]
[PlyCount "58"]
[EventDate "2010.03.26"]
[EventType "team"]
[EventRounds "11"]
[EventCountry "FRA"]
[Source "Mark Crowther"]
[SourceDate "2010.06.07"]

1. d4 Nf6 2. c4 e6 3. Nc3 Bb4 4. Nf3 c5 5. e3 O-O 6. Bd3 d5 7. O-O Nc6 8. a3
Bxc3 9. bxc3 Qc7 10. h3 Re8 11. a4 Na5 12. cxd5 exd5 13. Ne5 c4 14. Bc2 Ne4 15.
Qe1 f6 16. f3 Nd6 17. Ng4 Bf5 18. e4 Nb3 19. Bxb3 cxb3 20. Bf4 Bxg4 21. hxg4
Rad8 22. Rb1 dxe4 23. fxe4 Qc4 24. Bxd6 Rxd6 25. g5 Qxa4 26. Qg3 Qc6 27. Rxb3
Rd7 28. Rfb1 Rxe4 29. gxf6 Re8 1-0

[Event "TOP 16"]
[Site "Guingamp FRA"]
[Date "2010.06.05"]
[Round "10"]
[White "Maze, Sebastien"]
[Black "Aguettaz, Maxime"]
[Result "1/2-1/2"]
[WhiteElo "2554"]
[BlackElo "2389"]
[PlyCount "38"]
[EventDate "2010.03.26"]
[EventType "team"]
[EventRounds "11"]
[EventCountry "FRA"]
[Source "Mark Crowther"]
[SourceDate "2010.06.07"]

1. e4 c5 2. Nf3 Nc6 3. c3 Nf6 4. e5 Nd5 5. Bc4 e6 6. O-O d6 7. exd6 Bxd6 8. d4
cxd4 9. cxd4 O-O 10. Re1 b6 11. Nc3 Nxc3 12. bxc3 Bb7 13. Bd3 g6 14. Ng5 Rc8
15. Qg4 h5 16. Qh3 Nxd4 17. cxd4 Rxc1 18. Raxc1 Qxg5 19. Rcd1 Bd5 1/2-1/2

[Event "TOP 16"]
[Site "Guingamp FRA"]
[Date "2010.06.05"]
[Round "10"]
[White "Clery, Nicolas"]
[Black "Lagarde, Maxime"]
[Result "1/2-1/2"]
[WhiteElo "2391"]
[BlackElo "2412"]
[PlyCount "172"]
[EventDate "2010.03.26"]
[EventType "team"]
[EventRounds "11"]
[EventCountry "FRA"]
[Source "Mark Crowther"]
[SourceDate "2010.06.07"]

1. d4 Nf6 2. c4 g6 3. Nc3 Bg7 4. e4 O-O 5. Nf3 d6 6. Be2 Na6 7. Bf4 Qe8 8. e5
Nh5 9. Be3 c5 10. exd6 exd6 11. Nd5 b6 12. Qd2 Bb7 13. dxc5 dxc5 14. O-O Rd8
15. Bg5 f6 16. Be3 f5 17. Bg5 Nf6 18. Rfe1 Nb4 19. Bf1 Ne4 20. Qf4 Nc2 21. Rad1
Nxe1 22. Rxe1 Rd7 23. Qh4 Qf7 24. Be7 h6 25. Bxf8 g5 26. Qh3 Kxf8 27. g4 fxg4
28. Qxg4 Nf6 29. Nxf6 Bxf6 30. Bg2 h5 31. Qg3 Re7 32. Ne5 Bxe5 33. Rxe5 Bxg2
34. Kxg2 Rxe5 35. Qxe5 Qxc4 36. Qb8+ Kf7 37. Qxa7+ Kf6 38. Qxb6+ Kf5 39. Qd6
Qe4+ 40. Kf1 Qc4+ 41. Kg1 Qg4+ 42. Qg3 Qd1+ 43. Kg2 g4 44. Qe3 Qc2 45. h4 gxh3+
46. Qxh3+ Kg5 47. Qg3+ Kf5 48. Qf3+ Kg5 49. Qe3+ Kf5 50. Qc3 Qa4 51. Qxc5+ Kg6
52. Qd6+ Kh7 53. Qe7+ Kh6 54. Qe6+ Kh7 55. a3 Qa8+ 56. f3 Qd8 57. b4 Qd2+ 58.
Kg3 Qg5+ 59. Kh3 Qc1 60. Qf5+ Kh6 61. Qf6+ Kh7 62. Kh4 Qh1+ 63. Kg5 Qg2+ 64.
Kxh5 Qh3+ 65. Kg5 Qg3+ 66. Kh5 Qh3+ 67. Kg5 Qg3+ 68. Kf5 Qxf3+ 69. Ke6 Qxa3 70.
Qd4 Qa8 71. Kd6 Qb8+ 72. Kc6 Qe8+ 73. Kb6 Qb8+ 74. Ka6 Qc8+ 75. Ka5 Qa8+ 76.
Kb5 Kg6 77. Kc4 Qa2+ 78. Kb5 Qa8 79. Qd6+ Kf7 80. Kb6 Qa3 81. Qd5+ Ke8 82. b5
Qg3 83. Kb7 Qg7+ 84. Kb8 Qb2 85. Qc6+ Ke7 86. b6 Qa3 1/2-1/2

[Event "TOP 16"]
[Site "Guingamp FRA"]
[Date "2010.06.05"]
[Round "10"]
[White "Skripchenko, Almira"]
[Black "Gosset, Arnaud"]
[Result "*"]
[WhiteElo "2456"]
[BlackElo "2238"]
[PlyCount "121"]
[EventDate "2010.03.26"]
[EventType "team"]
[EventRounds "11"]
[EventCountry "FRA"]
[Source "Mark Crowther"]
[SourceDate "2010.06.07"]

1. e4 c5 2. Nf3 e6 3. Nc3 Nc6 4. g3 d5 5. Bg2 Nf6 6. exd5 exd5 7. d4 Be7 8. O-O
O-O 9. dxc5 d4 10. Ne2 Bxc5 11. a3 a5 12. Nf4 Bf5 13. Nd3 Be7 14. Re1 Be4 15.
Bg5 Bd5 16. Nf4 Bc4 17. Nd2 Ba6 18. Nd3 Re8 19. Qf3 Qb6 20. Rab1 Qb5 21. Bf4
Rad8 22. h3 Qf5 23. g4 Qg6 24. Qg3 h5 25. Bc7 h4 26. Qf3 Rd7 27. Bf4 Rdd8 28.
Bc7 Rd7 29. Bh2 Rdd8 30. Ne4 Nxe4 31. Qxe4 Qxe4 32. Rxe4 Bf8 33. Rbe1 Rxe4 34.
Rxe4 Rc8 35. Ne1 Bc4 36. Bf4 Bd5 37. Re2 Bxg2 38. Kxg2 f6 39. g5 Be7 40. Nf3
Kf7 41. gxf6 Bxf6 42. Bg5 Bxg5 43. Nxg5+ Kg6 44. Nf3 Kh5 45. Re4 g5 46. Rg4 Rg8
47. Nxd4 Ne5 48. Re4 Nc4 49. b3 Nxa3 50. Re5 Rc8 51. f4 Nxc2 52. Rxg5+ Kh6 53.
Nf5+ Kh7 54. Rg7+ Kh8 55. Rxb7 Rc5 56. Nxh4 Nd4 57. Kg3 Rc3+ 58. Kg4 Rxb3 59.
Rd7 Ne2 60. Ng6+ Kg8 61. h4 *

[Event "TOP 16"]
[Site "Guingamp FRA"]
[Date "2010.06.05"]
[Round "10"]
[White "Van Heirzeele, Daniel"]
[Black "Pujos, Stephane"]
[Result "0-1"]
[WhiteElo "2125"]
[BlackElo "2301"]
[PlyCount "46"]
[EventDate "2010.03.26"]
[EventType "team"]
[EventRounds "11"]
[EventCountry "FRA"]
[Source "Mark Crowther"]
[SourceDate "2010.06.07"]

1. d4 Nf6 2. c4 g6 3. Nc3 d5 4. Nf3 Bg7 5. Qb3 dxc4 6. Qxc4 O-O 7. e4 Nc6 8.
Bf4 Bg4 9. d5 Bxf3 10. dxc6 b5 11. Nxb5 Bxe4 12. Rd1 Qc8 13. f3 Qf5 14. Bxc7
Bd5 15. Qc5 Rfc8 16. Bd3 Qg5 17. O-O a6 18. Be4 e6 19. Nc3 Rxc7 20. Bxd5 exd5
21. Nxd5 Nxd5 22. Rxd5 Qf6 23. Rfd1 Bf8 0-1

[Event "TOP 16"]
[Site "Guingamp FRA"]
[Date "2010.06.05"]
[Round "10"]
[White "Silva, Sebastian"]
[Black "Assad, Karine"]
[Result "1-0"]
[WhiteElo "2330"]
[BlackElo "2056"]
[PlyCount "52"]
[EventDate "2010.03.26"]
[EventType "team"]
[EventRounds "11"]
[EventCountry "FRA"]
[Source "Mark Crowther"]
[SourceDate "2010.06.07"]

1. d4 Nf6 2. Nf3 e6 3. c4 b6 4. e3 Bb7 5. Bd3 Bb4+ 6. Nbd2 O-O 7. O-O d5 8. b3
Be7 9. Bb2 Nbd7 10. Rc1 c5 11. Qe2 Ne4 12. Rfd1 Qc7 13. cxd5 exd5 14. dxc5 bxc5
15. Nd4 Bf6 16. Nb5 Qb6 17. Nxe4 dxe4 18. Bc4 Ne5 19. Nd6 Rad8 20. Bxe5 Bxe5
21. Nxf7 Bxh2+ 22. Kxh2 Rxf7 23. Rxd8+ Qxd8 24. Qh5 Qc7+ 25. Kg1 g6 26. Bxf7+
Qxf7 1-0

[Event "TOP 16"]
[Site "Guingamp FRA"]
[Date "2010.06.05"]
[Round "10"]
[White "Bauer, Christian"]
[Black "Sokolov, Andrei"]
[Result "1/2-1/2"]
[WhiteElo "2607"]
[BlackElo "2563"]
[PlyCount "21"]
[EventDate "2010.03.26"]
[EventType "team"]
[EventRounds "11"]
[EventCountry "FRA"]
[Source "Mark Crowther"]
[SourceDate "2010.06.07"]

1. d4 Nf6 2. c4 e6 3. g3 d5 4. Nf3 dxc4 5. Qa4+ Nbd7 6. Bg2 a6 7. Qxc4 c5 8.
dxc5 Bxc5 9. O-O b5 10. Qd3 Bb7 11. Nbd2 1/2-1/2